Normal view MARC view
  • ASC AMNA BATOOL NS IQRA NADEEM NS USMAN HABIB ASC MUZAMIL HAMEED

Entry Personal Name

Number of records used in: 1

001 - CONTROL NUMBER

  • control field: 96494

003 - CONTROL NUMBER IDENTIFIER

  • control field: NUST

005 - DATE AND TIME OF LATEST TRANSACTION

  • control field: 20220804094808.0

008 - FIXED-LENGTH DATA ELEMENTS

  • fixed length control field: 220804|| aca||aabn | a|a d

040 ## - CATALOGING SOURCE

  • Original cataloging agency: NUST
  • Transcribing agency: NUST

100 ## - HEADING--PERSONAL NAME

  • Personal name: ASC AMNA BATOOL NS IQRA NADEEM NS USMAN HABIB ASC MUZAMIL HAMEED

670 ## - SOURCE DATA FOUND

  • Source citation: Work cat.: (NUST): ASC AMNA BATOOL NS IQRA NADEEM NS USMAN HABIB ASC MUZAMIL HAMEED, PR-SOF-2097-Smart Superstore Guide, 2022.
© 2023 Central Library, National University of Sciences and Technology. All Rights Reserved.